000 00481cam a22001934a 4500
005 20250605164156.0
008 250528s ||||||||||||||||||||||||d
035 _a19588
020 _a9603510599
040 _aGR-AtMCL
_bgre
_dGR-AtMCL
_eAACR2
245 1 _aΜΑΡΚΕΤΙΝΓΚ ΥΠΗΡΕΣΙΩΝ
250 _a1
260 _bΑ.Σταμουλης,
_c1995
300 _a173
700 1 _aΓαλανης Β.Π
_95757
942 _cBK
999 _c4844
_d4844